000 00306 a2200157 4500
001 194847
040 _cMagnum
100 _aAlencar, José de
240 1 0 _aO Guarani
_lpor
245 1 0 _aO Guarani
300 _a252
362 0 _a1996
440 1 _aÁtica
697 _aLITERATURA GERAL
942 _cBK
999 _c194847
_d194847